000
00214 a2200109 4500
020
_a
9788427209718
041
_a
spa
100
_a
Russell, Rachel Renee
245
_a
Diario de Nicki 9
942
_c
BK
952
_7
4
999
_c
25272
_d
25272